00393nam a2200169Ia 4500003000400000005001700004008004100021020001500062040000700077041000800084082001600092100001700108245004000125260003300165300001200198365001300210OSt20230427124214.0210423s2006 xx 000 0 und d a8174463488 cAL aeng a658.15 VIJM aVIJ (Madhu). aInternational financial management. aNew DelhibExcel Booksc2006 axvi,668 b275cINR